Macedónska otázka

Historický pohľad na formovanie moderného macedónskeho národa. Macedónsko počas Druhej svetovej vojny . Postavenie Macedónska vo federatívnej Juhoslávii. Macedónska samostatnosť.

Salvato in:
Dettagli Bibliografici
Autore principale: Greguš, Peter
Natura: Capitolo di libro
Lingua:slovacco
Soggetti:
Tags: Aggiungi Tag
Nessun Tag, puoi essere il primo ad aggiungerne!!

MARC

LEADER 00000naa$a2200000$$$4500
001 0026137
005 20240502071424.5
041 0 |a slo 
044 |a SK 
245 1 0 |a Macedónska otázka  |c Peter Greguš 
520 |a Historický pohľad na formovanie moderného macedónskeho národa. Macedónsko počas Druhej svetovej vojny . Postavenie Macedónska vo federatívnej Juhoslávii. Macedónska samostatnosť. 
610 2 0 |a Macedónsko 
610 2 0 |a Juhoslávia 
610 2 0 |a história 
610 2 0 |a identita 
610 2 0 |a menšiny národnostné 
100 1 |a Greguš, Peter